All Things Iceland - Statistics

General Stats
  • This quiz has been taken 26 times
  • The average score is 4 of 15
Answer Stats
Hint Answer % Correct
Capital? Reykjavik
96%
Currency? Krona
88%
Iceland in Icelandic? Island
71%
What Insects Aren't Here? Mosquitos
46%
What Is It Exactly? Fermented Shark
21%
When Was It Founded 1944
17%
National Dish? Hakarl
13%
National Animal? Gyrfalcon
8%
What Was It Called Before? Snowland
8%
National Sport? Body Wrestling
4%
Language in Icelandic? Islenskur
4%
Biggest River? Pjorsa
4%
Biggest Lake? Porisvatn
4%
Leader? Guoni Th. Johannesson
0%
Top Export? Tourism
0%
No matching quizzes found
Score Distribution
Percent of People with Each Score
Percentile by Number Answered
Your Score History
You have not taken this quiz